000 00766nam a22002417a 4500
005 20240903122058.0
008 120911t xxu||||| |||| 00| 0 eng d
010 _aENG-141573
020 _c495.00
_a9788190932202
035 _aEN-125105
037 _bDBAD/PUB
040 _aDPL
_bEnglish
082 _a581
100 _aThangavel,P.
_970892
245 _aBotany of Field Crops/
_cP.Thangavel;T.Sabesan[and]K.R.Saravanan
_hEnglish
260 _aChidambaram
_bSri Velan Pathippagam
_c2009
270 _aNo.5, S.P.Koil Street
_bChidambaram
_e608001
300 _a169 pg.
_c21cm(Hbk)
700 _aSabesan,T.
_eAuthor
_970893
700 _aSaravanan,K.R.
_eAuthor
_970894
700 _aKamaraj,A.
_eAuthor
_970895
942 _2ddc
_cEN
_h581
_mTHA
999 _c205485
_d205485